000 01006nam a2200289Ia 4500
003 GCL
008 140319s9999 xx 000 0 ara d
020 _a3193345977
040 _aGCL /
_cGCL
082 0 4 _a658.3
_bك أ
100 1 _aكشواى، بارى
245 1 0 _aادارة الموارد البشرية :
_bHUMAN RESOURCE MANAGEMENT /
_cكشواى، بارى
700 1 _aقسم الترجمة بدار الفاروق
250 _aالاولى
260 _aالقاهرة :
_bدار الفاروق للنشر والتوزيع ،
_c2003
300 _a240 ص ؛
_c24 سم
650 0 4 _aالقوى العاملة
650 0 4 _aادارة الافراد
650 0 4 _aتقييم الوظائف
650 0 4 _aتحليل الوظائف
650 0 4 _aالعلاقات الوظيفية
650 0 4 _aتقييم الاداء
650 0 4 _aالادارة - تطوير
650 0 4 _aالتدريب الادارى
650 0 4 _aالقوى العاملة - ادارة
942 _2ddc
_cBK
999 _c8276
_d8276